000 00809nam a2200253 i 4500
003 DO-SdBNP
005 20240523094103.0
007 ta
008 240523s2007 dr 000 j spa d
020 _a9789945130331
040 _aDO-SdBNP
_bspa
_cBNPHU
_erda
082 _bS237
_222
100 1 _aSantos García, Eladio de los ,
_d1973-
_928675
_eautor
245 1 0 _aAlucinaciones :
_brelatos /
_cEladio de los Santos García
264 1 _aSanto Domingo :
_bPerla,
_bMediabyte,
_c2007.
300 _a129 páginas,
_c19 cm.
336 _2rdacontent
_atexto
_btxt
337 _2rdamedia
_asin mediación
_bn
338 _2rdacarrier
_avolumen
_bnc
500 _aIncluye datos biográficos del autor en la solapa de la portada.
590 _aInventariado, 2024/ YL
910 _aYLockward
942 _2ddc
_cLBS1
999 _c56723
_d56723